000 00451 a2200133 4500
005 20250430134339.0
020 _a0-471-14847-4
082 _aLECT 155.2 KIE
100 _aKIESLER, D. J.
245 _aContemporary Interpersonal Theory and Research: Personality, Psychopathology, and Psychotherapy
260 _aNew York,
_bJohn Wiley & Sons, Inc,
_c1996.
300 _axviii,398p,: ill.; figure and table.
_bIndex and reference.
_c25cm.
942 _2ddc
_cBKS
999 _c1839
_d1839